| 000 | 00832nam#a22003015ar4500 | ||
|---|---|---|---|
| 001 | 17 | ||
| 008 | 050908s1953####ag#a###f#f####|01#|#spa#d | ||
| 245 | 1 | 0 |
_aOvinotécnia : _bProducción, comercio e industrialización de ovinos y sus productos / _cMauricio B. Helman. |
| 250 | _a1ª ed. | ||
| 260 |
_aBuenos Aires : _bAteneo, _c1953. |
||
| 300 |
_a393 p. : _bil. ; _c27 cm. |
||
| 100 | 1 | _aHelman, Mauricio B. | |
| 080 | _a636.3 | ||
| 084 | _aH37 | ||
| 653 | _aExpotación de ovinos | ||
| 653 | _aIndustrialización | ||
| 653 | _aProducción lanera argentina y mundial | ||
| 653 | _aHilado | ||
| 653 | _aLavado de tejidos | ||
| 653 | _aCueros | ||
| 653 | _aPieles | ||
| 653 | _aLeche ovina | ||
| 653 | _aFabricación de quesos | ||
| 040 |
_aAR-ClEAG _cAR-ClEAG |
||
| 005 | 20241107184622.0 | ||
| 003 | AR-ClEAG | ||
| 942 | _cBK | ||
| 999 |
_c17 _d17 |
||
| 980 |
_62 _aEvangelina Gallicchio _82 _gEvangelina Gallicchio |
||